| 000 | 00540nam a2200181Ia 4500 | ||
|---|---|---|---|
| 003 | IN-BaIIA | ||
| 008 | 211028s9999 xx 000 0 eng d | ||
| 040 | _cIIA Library | ||
| 080 |
_a531 _bSED |
||
| 100 |
_aSedow, L. I _932609 |
||
| 245 | 0 |
_aSimilarity and dimensional methods in mechanics _cL. I Sedow |
|
| 260 |
_aMoscow _bMIR Publishers _c1982 |
||
| 300 | _a424p. | ||
| 650 |
_aDimensional analysis _927762 |
||
| 650 |
_aEngineering models _932610 |
||
| 650 | _aMechanics | ||
| 942 | _cBK | ||
| 999 |
_c17291 _d17291 |
||